[Event "AUTO-MASTER-2676"]
[Site "http://www.queenalice.com/game.php?id=1508600"]
[Date "2017.12.20"]
[Round "1"]
[White "jova21"]
[Black "philler"]
[Result "0-1"]
[WhiteElo "2088"]
[BlackElo "2130"]

1. e4 e5 2. Nf3 Nc6 3. Bb5 d6 4. O-O a6 5. Ba4 b5 6. Bb3 Nf6 7. Re1 Na5 8. Bd5
Nxd5 9. exd5 Bb7 10. d4 Bxd5 11. dxe5 Be6 12. exd6 Bxd6 13. Ng5 Qf6 14. Nc3 O-O
15. Nce4 Qe7 16. Nxe6 fxe6 17. Nxd6 cxd6 18. b3 Qf6 19. Be3 Nc6 20. Qxd6 Rac8
21. Qd2 Rcd8 22. Qe2 Rc8 23. Rad1 Nb4 24. c4 bxc4 25. Bd4 Qf5 26. bxc4 Nc2 27.
Rf1 Nxd4 28. Rxd4 e5 29. Rd6 Rf6 30. Rxf6 gxf6 31. Rd1 Kf7 32. h3 Qe6 33. Qd3 e4
34. Qd5 Rxc4 35. Qb7+ Kg6 36. Re1 Ra4 37. Qb1 f5 38. f3 Qxa2 39. Qxa2 Rxa2 40.
fxe4 fxe4 41. Rxe4 a5 42. Re7 a4 43. Ra7 a3 44. Ra5 Ra1+ 45. Kh2 h5 46. Kg3 a2
47. h4 Kf6 48. Kf2 Ke6 49. Kg3 Kd6 50. Kf4 Rf1+ 51. Kg5 a1=Q 52. Rxa1 Rxa1 53.
Kxh5 Ra6 54. g4 Ke7 55. Kg5 Kf7 56. h5 Kg7 0-1

[Event "AUTO-MASTER-2676"]
[Site "http://www.queenalice.com/game.php?id=1508601"]
[Date "2017.12.20"]
[Round "1"]
[White "philler"]
[Black "pizzaiolo72"]
[Result "1-0"]
[WhiteElo "2121"]
[BlackElo "2031"]

1. d4 g6 2. c4 Nf6 3. Nc3 Bg7 4. e4 d6 5. Nf3 Bg4 6. Be2 O-O 7. O-O Re8 8. Be3
c6 9. h3 Bxf3 10. Bxf3 Nbd7 11. Qd2 a6 12. Be2 Rc8 13. Rac1 e6 14. Bg5 Qa5 15.
f4 h6 16. Bh4 b5 17. cxb5 axb5 18. e5 dxe5 19. fxe5 Nd5 20. Ne4 Qxd2 21. Nxd2 f6
22. Ne4 fxe5 23. Nd6 exd4 24. Nxc8 Rxc8 25. Bxb5 Ne3 26. Rf2 Ne5 27. Bf6 c5 28.
Bxg7 Kxg7 29. a4 c4 30. Re2 Nd3 31. Ra1 Nxb2 32. Rxb2 c3 33. Rf2 e5 34. Bd3 c2
35. Rc1 Ra8 36. Bxc2 Nxc2 37. Rcxc2 Rxa4 38. Rc7+ Kg8 39. Re7 1-0

[Event "AUTO-MASTER-2676"]
[Site "http://www.queenalice.com/game.php?id=1508602"]
[Date "2017.12.20"]
[Round "1"]
[White "pizzaiolo72"]
[Black "philler"]
[Result "0-1"]
[WhiteElo "2044"]
[BlackElo "2111"]

1. e4 e6 2. Nf3 d5 3. exd5 exd5 4. d4 Bd6 5. Bd3 Nf6 6. O-O O-O 7. Bg5 Bg4 8.
Nbd2 Nbd7 9. h3 Bxf3 10. Qxf3 c6 11. Rfe1 Re8 12. Re3 Qc7 13. Rae1 Kf8 14. c3
Qa5 15. a3 c5 16. Rxe8+ Rxe8 17. Rxe8+ Kxe8 18. dxc5 Qxc5 19. Qe3+ Qxe3 20. Bxe3
Ne5 21. Bb5+ Ke7 22. Bxa7 Nh5 23. Be3 Nf6 24. f4 Ned7 25. Bxd7 Nxd7 26. c4 dxc4
27. Nxc4 Bc5 28. Kf2 Bxe3+ 29. Kxe3 Ke6 30. Kd4 b5 31. Ne3 g6 32. g4 Kd6 33. h4
Nf6 34. g5 Nh5 35. f5 Ng7 36. f6 Nf5+ 37. Kc3 Nxe3 0-1

[Event "AUTO-MASTER-2628"]
[Site "http://www.queenalice.com/game.php?id=1509508"]
[Date "2017.12.27"]
[Round "2"]
[White "philler"]
[Black "Zanocovsky"]
[Result "1-0"]
[WhiteElo "2164"]
[BlackElo "1927"]

1. e4 c5 2. Nf3 d6 3. d4 cxd4 4. Nxd4 Nf6 5. Nc3 a6 6. f4 Qc7 7. Bd3 Nc6 8. Nxc6
bxc6 9. f5 d5 10. Qe2 d4 11. Nd1 e5 12. Bd2 Be7 13. Nf2 a5 14. c3 O-O 15. O-O
dxc3 16. Bxc3 Bb7 17. Ng4 Rfd8 18. Bxe5 Qd7 19. Bxf6 gxf6 20. Rad1 Qc7 21. Nh6+
Kf8 22. Qg4 Ke8 23. Qg8+ Bf8 24. Qxh7 Bxh6 25. Qxh6 Ke7 26. Qf4 Qxf4 27. Rxf4
Rd4 28. Kf2 c5 29. b3 Rad8 30. Ke3 1-0

[Event "AUTO-MASTER-2628"]
[Site "http://www.queenalice.com/game.php?id=1509509"]
[Date "2017.12.27"]
[Round "2"]
[White "Zanocovsky"]
[Black "philler"]
[Result "0-1"]
[WhiteElo "1920"]
[BlackElo "2169"]

1. d4 Nf6 2. c4 g6 3. Nc3 d5 4. cxd5 Nxd5 5. e4 Nxc3 6. bxc3 Bg7 7. Nf3 c5 8.
Be3 cxd4 9. cxd4 Nc6 10. Rb1 O-O 11. Be2 b6 12. O-O Bb7 13. Qd3 a5 14. Rfd1 Nb4
15. Rxb4 axb4 16. Qb1 Ra4 17. Bb5 Ra5 18. Qxb4 Rxa2 19. Bd3 Ba6 20. Bxa6 Rxa6
21. d5 Qd6 22. Qxd6 exd6 23. h4 b5 24. Bd4 b4 25. Bxg7 Kxg7 26. Nd4 Rb8 27. Nb3
Ra3 28. Rb1 Kf6 29. f4 Rc8 30. Nd4 Rc4 31. Nc6 b3 0-1

[Event "AUTO-MASTER-2628"]
[Site "http://www.queenalice.com/game.php?id=1509510"]
[Date "2017.12.27"]
[Round "2"]
[White "philler"]
[Black "ocbruno"]
[Result "1-0"]
[WhiteElo "2139"]
[BlackElo "2166"]

1. d4 d5 2. c4 c6 3. Nf3 Nf6 4. Nc3 e6 5. Bg5 Be7 6. e3 O-O 7. Bd3 dxc4 8. Bxc4
b5 9. Bd3 b4 10. Ne4 Nxe4 11. Bxe7 Qxe7 12. Bxe4 f5 13. Bd3 Ba6 14. Ne5 Bxd3 15.
Nxd3 a5 16. Qb3 Nd7 17. O-O Rf6 18. Rac1 Qd6 19. Qa4 Rh6 20. Nf4 Rc8 21. Qxa5 g5
22. Nh3 g4 23. Nf4 Kf7 24. Rc4 e5 25. dxe5 Nxe5 26. Rd4 Qe7 27. Qxb4 c5 28. Qb3+
c4 29. Qb5 Rg8 30. Rfd1 Nf3+ 31. gxf3 gxf3+ 32. Kf1 Rxh2 33. Qxf5+ Kg7 34. Qg4+
Kh8 35. Qxf3 Qg5 36. Ke2 Qb5 37. Ng6+ hxg6 38. Qf6+ Rg7 39. Rh4+ Rxh4 40. Qxh4+
Rh7 41. Qd8+ Kg7 42. Qd7+ Qxd7 43. Rxd7+ Kh6 44. Rxh7+ Kxh7 45. a4 1-0

[Event "AUTO-MASTER-2628"]
[Site "http://www.queenalice.com/game.php?id=1509511"]
[Date "2017.12.27"]
[Round "2"]
[White "ocbruno"]
[Black "philler"]
[Result "0-1"]
[WhiteElo "2166"]
[BlackElo "2161"]

1. e4 c5 2. Nf3 d6 3. Bc4 Nf6 4. Nc3 Nc6 5. O-O e6 6. a3 a6 7. d4 b5 8. d5 bxc4
9. dxc6 Qc7 10. Bg5 Be7 11. Re1 e5 12. Nd5 Qxc6 13. Nxe7 Kxe7 14. Bxf6+ gxf6 15.
Nh4 Rg8 16. Qe2 Be6 17. c3 Rg4 18. Nf5+ Bxf5 19. f3 Rg5 20. exf5 Rag8 21. g4
Rxf5 22. Rf1 h5 23. h3 hxg4 24. hxg4 Rh5 25. Qxc4 f5 26. Rad1 fxg4 27. fxg4 Rh1+
28. Kf2 Rxf1+ 29. Rxf1 Qc8 30. Ke3 Rg7 31. g5 Qh3+ 32. Kd2 Qg2+ 33. Kd1 Qxg5 34.
Qxa6 Qg2 35. Qa7+ Ke6 36. Qa6 Qxb2 37. Qc4+ Ke7 38. Qh4+ Kd7 39. Qa4+ Kc7 40.
Qa7+ Qb7 41. Qa5+ Kc6 42. Qa4+ Kd5 43. c4+ Kd4 44. Kc1 Rg3 45. Rd1+ Rd3 46.
Rxd3+ Kxd3 47. Qc2+ Kd4 48. a4 e4 49. a5 e3 50. Qh2 Qe7 51. Qf4+ Kc3 52. Qf3
Kxc4 53. Kd1 Kb5 54. Qa8 e2+ 55. Ke1 Qh4+ 56. Kxe2 Qc4+ 57. Kd1 Qa4+ 58. Kc1
Qxa5 0-1

[Event "AUTO-MASTER-2676"]
[Site "http://www.queenalice.com/game.php?id=1522924"]
[Date "2018.4.10"]
[Round "2"]
[White "philler"]
[Black "Spiril"]
[Result "1/2-1/2"]
[WhiteElo "2201"]
[BlackElo "2293"]

1. e4 e6 2. d4 d5 3. Nc3 dxe4 4. Nxe4 Bd7 5. Nf3 Bc6 6. Bd3 Nd7 7. O-O Be7 8.
Be3 Ngf6 9. Nxf6+ Nxf6 10. Ne5 Qd5 11. Nxc6 Qxc6 12. Qe2 Qd7 13. c4 O-O 14. Rad1
c6 15. Bg5 Qc7 16. f4 Rfe8 17. Qc2 h6 18. Bxf6 Bxf6 19. Kh1 Red8 20. Bh7+ Kh8
21. Qe4 Rxd4 22. Rxd4 Bxd4 23. Qxd4 Kxh7 24. Rd1 Kg8 25. g3 c5 26. Qe5 Qc6+ 27.
Kg1 f6 28. Qd6 Rc8 29. Qxc6 Rxc6 30. Rd7 Rb6 31. b3 a5 32. Rc7 a4 33. bxa4 Rb1+
34. Kg2 Rb2+ 35. Kh3 b6 36. Rb7 Rxa2 37. Rxb6 Rxa4 38. Rxe6 Rxc4 39. Kg4 Kf7 40.
Rc6 Kg6 41. Kh4 Rc2 42. h3 c4 43. Rc5 c3 44. f5+ Kh7 45. Kg4 Rc1 46. Kh4 Rf1 47.
g4 Rf3 48. Rc7 Re3 49. Rc6 Kg8 50. Rc8+ Kf7 51. Rc7+ Kf8 52. Rc8+ Ke7 53. Rc7+
Kd6 54. Rc4 Kd5 55. Rc8 Kd4 56. Kh5 Rxh3+ 57. Kg6 Kd3 58. Rd8+ Ke2 59. Kxg7 c2
60. Rc8 Kd2 61. Kxf6 c1=Q 62. Rxc1 Kxc1 63. Kg6 Kd2 64. f6 Ke3 65. f7 Rf3 66.
Kxh6 Rxf7 67. g5 Rf1 68. g6 Rh1+ 69. Kg7 Ke4 70. Kg8 Kf5 71. Kf7 Ra1 72. g7 Ra7+
73. Kf8 Kf6 74. g8=N+ Kg6 1/2-1/2

[Event "AUTO-MASTER-2676"]
[Site "http://www.queenalice.com/game.php?id=1522925"]
[Date "2018.4.10"]
[Round "2"]
[White "Spiril"]
[Black "philler"]
[Result "1/2-1/2"]
[WhiteElo "2286"]
[BlackElo "2189"]

1. f4 d5 2. Nf3 Nf6 3. g3 Bg4 4. Bg2 Bxf3 5. Bxf3 c5 6. O-O Nc6 7. b3 e6 8. Bb2
Be7 9. e3 O-O 10. d3 Qc7 11. c4 d4 12. Qe2 dxe3 13. Qxe3 Rad8 14. Nc3 Nd4 15.
Bd1 Rd7 16. g4 Rfd8 17. g5 Nf5 18. Qe1 Ne8 19. Bg4 Rxd3 20. Bxf5 exf5 21. Nd5
R3xd5 22. cxd5 Rxd5 23. Rd1 Rxd1 24. Qxd1 c4 25. Be5 Qb6+ 26. Kg2 Qc6+ 27. Qf3
Qxf3+ 28. Rxf3 cxb3 29. Rxb3 b6 30. Rc3 f6 31. gxf6 Bxf6 32. Rc8 Kf7 33. Bxf6
Nxf6 34. Rc7+ Kg6 35. Rxa7 Nd5 36. Kf3 b5 37. Ra5 Nc3 38. a3 h6 39. Ra7 Nb1 40.
Ra6+ Kh5 41. Ke3 g5 42. Rd6 Nxa3 43. Kf3 b4 44. Rb6 Nc2 45. Kg3 Nd4 46. fxg5
1/2-1/2

[Event "AUTO-MASTER-2676"]
[Site "http://www.queenalice.com/game.php?id=1522926"]
[Date "2018.4.10"]
[Round "2"]
[White "philler"]
[Black "tariann"]
[Result "1-0"]
[WhiteElo "2192"]
[BlackElo "2127"]

1. e4 e5 2. Nf3 Nc6 3. Bb5 f5 4. Nc3 d6 5. d4 fxe4 6. Nxe4 Bg4 7. c3 a6 8. Ba4
b5 9. Bc2 Nf6 10. Bg5 Be7 11. Bxf6 Bxf6 12. Nxf6+ Qxf6 13. Be4 d5 14. Bxd5 Rd8
15. Bxc6+ Qxc6 16. O-O O-O 17. Qb3+ Be6 18. Nxe5 Qd6 19. Qc2 c5 20. Rad1 cxd4
21. cxd4 Rf4 22. Rfe1 Rc8 23. Qd2 Rcf8 24. f3 Bxa2 25. Re4 Bb3 26. Rxf4 1-0

[Event "AUTO-MASTER-2676"]
[Site "http://www.queenalice.com/game.php?id=1522927"]
[Date "2018.4.10"]
[Round "2"]
[White "tariann"]
[Black "philler"]
[Result "0-1"]
[WhiteElo "2157"]
[BlackElo "2179"]

1. e4 c5 2. Nf3 e6 3. d4 cxd4 4. Nxd4 a6 5. c4 Nf6 6. Nc3 Qc7 7. Be2 Bb4 8. Qc2
O-O 9. O-O b6 10. f4 d6 11. f5 e5 12. Nf3 Bxc3 13. bxc3 Bb7 14. Bd3 Nbd7 15. Rb1
Nc5 16. Be3 Nfxe4 17. Bxe4 Bxe4 0-1

[Event "AUTO-MASTER-2628"]
[Site "http://www.queenalice.com/game.php?id=1524325"]
[Date "2018.4.20"]
[Round "3"]
[White "philler"]
[Black "ArmandoFda"]
[Result "0-1"]
[WhiteElo "2202"]
[BlackElo "2615"]

1. e4 e6 2. d4 d5 3. Nc3 Nf6 4. Bg5 Be7 5. e5 Nfd7 6. Bxe7 Qxe7 7. f4 O-O 8. Bd3
c5 9. Nf3 h6 10. Qd2 Nc6 11. Qf2 f6 12. O-O fxe5 13. dxe5 c4 14. Bg6 Rxf4 15.
Qg3 Rf8 16. Nd1 Qc5+ 17. Kh1 Ndxe5 18. Nc3 Nxg6 19. Qxg6 Bd7 20. h3 Rf5 21. Rae1
Raf8 22. Ne2 e5 23. Ng3 R8f6 24. Qxf5 Bxf5 25. Nxe5 Bxc2 26. Nd7 Rxf1+ 27. Nxf1
Qb4 0-1

[Event "AUTO-MASTER-2628"]
[Site "http://www.queenalice.com/game.php?id=1524326"]
[Date "2018.4.20"]
[Round "3"]
[White "ArmandoFda"]
[Black "philler"]
[Result "1-0"]
[WhiteElo "2602"]
[BlackElo "2190"]

1. e4 c5 2. Nf3 e6 3. d4 cxd4 4. Qxd4 Nc6 5. Qe3 Nb4 6. Qe2 b6 7. c4 Bb7 8. Nc3
d6 9. Bf4 Qc7 10. a3 Nc6 11. Nb5 Qb8 12. e5 dxe5 13. Nxe5 Nxe5 14. Bxe5 Qd8 15.
Nc7+ Ke7 16. Rd1 Qc8 17. Bd6+ Kf6 18. Qe5+ 1-0

[Event "AUTO-MASTER-2729"]
[Site "http://www.queenalice.com/game.php?id=1529034"]
[Date "2018.5.30"]
[Round "1"]
[White "Constante"]
[Black "philler"]
[Result "1-0"]
[WhiteElo "2270"]
[BlackElo "2194"]

1. Nf3 c5 2. c4 Nc6 3. Nc3 Nf6 4. d4 cxd4 5. Nxd4 e6 6. g3 Qb6 7. Ndb5 Bc5 8.
Nd6+ Ke7 9. Nxc8+ Raxc8 10. e3 Bb4 11. Bd2 Qa5 12. a3 Bxc3 13. Bxc3 Qf5 14. Bg2
Ne4 15. Bxe4 Qxe4 16. O-O Qxc4 17. Rc1 Qe4 18. Bxg7 Rhg8 19. Bc3 Ne5 20. Bb4+
Kd8 21. Rxc8+ Kxc8 22. f3 Qxe3+ 23. Kg2 Nd3 24. Qc2+ Kd8 25. Bd6 Qb6 26. Qxd3
Rg6 27. Rd1 Qxb2+ 28. Rd2 Qb6 29. Rc2 e5 30. Bxe5 d6 31. Rd2 Kd7 32. Bd4 Qa5 33.
Rc2 b6 34. Qc4 Ke7 35. Bc3 Qf5 36. Bb4 a5 37. Re2+ Kf8 38. Bc3 Re6 39. Qc8+ Ke7
40. Qc7+ Ke8 41. Qc6+ Ke7 42. Rb2 Qc5 43. Qb7+ Ke8 44. Bg7 d5 45. Qb8+ Kd7 46.
Qf4 Ke8 47. Bd4 Qxa3 48. Rc2 Qd6 49. Qg5 Qe7 50. Qg8+ Kd7 51. Qc8+ 1-0

[Event "AUTO-MASTER-2729"]
[Site "http://www.queenalice.com/game.php?id=1529035"]
[Date "2018.5.30"]
[Round "1"]
[White "philler"]
[Black "Constante"]
[Result "0-1"]
[WhiteElo "2204"]
[BlackElo "2260"]

1. e4 e6 2. d4 d5 3. Nc3 a6 4. Nf3 Bb4 5. e5 c5 6. a3 Bxc3+ 7. bxc3 c4 8. Be2
Ne7 9. O-O Qa5 10. Qd2 Bd7 11. Bb2 b5 12. Qg5 Rg8 13. Qh5 h6 14. Qh4 Nbc6 15. a4
b4 16. cxb4 Qxb4 17. Ba3 Qb8 18. Bd6 Qd8 19. g4 Ng6 20. Qxd8+ Nxd8 21. Rfb1 Nc6
22. Rb2 f5 23. h3 Nf4 24. Bf1 g5 25. Rab1 Bc8 26. Ne1 Kf7 27. c3 Kg6 28. f3 Rg7
29. Kh2 Rf7 30. Ng2 fxg4 31. hxg4 Raa7 32. Kg3 Rad7 33. Ne3 h5 34. gxh5+ Nxh5+
35. Kf2 Rf4 36. Ng2 Rf5 37. Ke3 Rdf7 38. Rf2 Ng3 39. Be2 Ne4 40. fxe4 Rxf2 41.
exd5 Na5 42. dxe6 Bxe6 43. Ne1 Nb3 44. Nc2 R7f4 45. Na3 g4 46. Nxc4 Bxc4 47.
Bxc4 R4f3+ 0-1

[Event "AUTO-MASTER-2729"]
[Site "http://www.queenalice.com/game.php?id=1529046"]
[Date "2018.5.30"]
[Round "1"]
[White "Andalgala"]
[Black "philler"]
[Result "1-0"]
[WhiteElo "2130"]
[BlackElo "2187"]

1. d4 Nf6 2. Nf3 g6 3. e3 Bg7 4. b3 O-O 5. Bb2 d5 6. Be2 c5 7. O-O b6 8. c4 Bb7
9. Nc3 Nc6 10. Rc1 Ne4 11. cxd5 Nxc3 12. Bxc3 Nb4 13. Bxb4 cxb4 14. e4 a6 15.
Qd2 Qd6 16. Rfe1 b5 17. Rc5 e6 18. e5 Qd7 19. d6 Bc6 20. Qxb4 f6 21. Rec1 a5 22.
Qd2 Rfc8 23. a3 a4 24. b4 Ra6 25. Qe3 Rb6 26. Nd2 Qd8 27. Bf3 Bd7 28. Rc7 Rxc7
29. Rxc7 Rb8 30. Qc3 Qe8 31. Qc5 Rc8 32. Ne4 fxe5 33. dxe5 Qd8 34. Be2 Rxc7 35.
dxc7 Qc8 36. Nd6 Bf8 37. Bxb5 1-0

[Event "AUTO-MASTER-2729"]
[Site "http://www.queenalice.com/game.php?id=1529047"]
[Date "2018.5.30"]
[Round "1"]
[White "philler"]
[Black "Andalgala"]
[Result "0-1"]
[WhiteElo "2173"]
[BlackElo "2185"]

1. e4 d6 2. d4 g6 3. Nc3 Nd7 4. Be3 Bg7 5. Nf3 Ngf6 6. Qd2 Ng4 7. Bf4 h6 8. h3
Ngf6 9. g4 c5 10. e5 cxd4 11. Qxd4 dxe5 12. Nxe5 O-O 13. O-O-O Qa5 14. Bc4 Nxe5
15. Bxe5 b5 16. Nxb5 Ne8 17. Bxg7 Nxg7 18. Qe4 Ba6 19. a4 Rac8 20. b3 Bxb5 21.
Bxb5 Qc3 22. Kb1 Ne6 23. Bd7 Nc5 24. Qc4 Qxc4 25. bxc4 Rc7 26. Rd5 Nxd7 27. Kb2
Nf6 28. Rd4 Nd7 29. Rhd1 Nc5 30. Ka3 Rb8 31. Rd8+ Rxd8 32. Rxd8+ Kg7 33. Rb8 Ne4
34. f3 Nd2 35. c5 Rxc5 36. Rb7 a5 37. Rb5 Rc3+ 38. Kb2 Rxf3 39. Kc1 Nc4 40. Rc5
Rf4 41. c3 e6 42. Kc2 Nb6 43. Kb3 Nxa4 44. Rxa5 Nb6 45. Rb5 Nd5 46. c4 Rf3+ 47.
Ka4 Nc3+ 48. Kb4 Nxb5 49. cxb5 Rf1 50. b6 e5 51. Kc5 e4 52. Kd4 Rb1 0-1

[Event "AUTO-MASTER-2729"]
[Site "http://www.queenalice.com/game.php?id=1529052"]
[Date "2018.5.30"]
[Round "1"]
[White "NimbleKnight"]
[Black "philler"]
[Result "1-0"]
[WhiteElo "2183"]
[BlackElo "2161"]

1. e4 c5 2. Nf3 e6 3. d4 cxd4 4. Nxd4 a6 5. Bd3 Bc5 6. Nb3 Be7 7. O-O d6 8. Qg4
g6 9. Qg3 Nd7 10. Nc3 Bf8 11. f4 b6 12. f5 Ne5 13. fxg6 hxg6 14. Bf4 Nxd3 15.
Qxd3 e5 16. Bg3 Nf6 17. Qf3 Be7 18. Rad1 Bg4 19. Qd3 Bxd1 20. Rxd1 b5 21. Nd5
Bf8 22. c3 Nxd5 23. Qxd5 Be7 24. Qc6+ Kf8 25. Bxe5 f6 26. Bxd6 Kg7 27. Rd2 Qe8
28. Qc7 Kf7 29. Bxe7 Qxe7 30. Rd7 Rhe8 31. Rxe7+ Rxe7 32. Qc6 Raa7 33. Nd4 Red7
34. Kf2 b4 35. Qc4+ Kg7 36. Qxb4 Rab7 37. Qa3 1-0

[Event "AUTO-MASTER-2729"]
[Site "http://www.queenalice.com/game.php?id=1529053"]
[Date "2018.5.30"]
[Round "1"]
[White "philler"]
[Black "NimbleKnight"]
[Result "1-0"]
[WhiteElo "2174"]
[BlackElo "2199"]

1. e4 e6 2. d4 d5 3. Nc3 Bb4 4. e5 c5 5. a3 Bxc3+ 6. bxc3 Ne7 7. Qg4 O-O 8. Bh6
Nf5 9. Bg5 Qa5 10. Bd2 c4 11. Nh3 Nc6 12. Be2 Qd8 13. Nf4 Bd7 14. Nh5 Kh8 15. h4
Rg8 16. Qh3 f6 17. g4 Nh6 18. g5 Nf5 19. gxf6 gxf6 20. Nxf6 Rg7 21. Bg5 Qc7 22.
Nxd7 Qxd7 23. Bf6 Qf7 24. Kd2 Rg8 25. h5 h6 26. Bg4 Nce7 27. Rhg1 Kh7 28. f3 Rg5
29. f4 R5g7 30. a4 Qf8 31. Rab1 Qc8 32. Bxg7 Rxg7 33. Bxf5+ Nxf5 34. Rxg7+ Nxg7
35. Qg4 Nf5 36. Qg6+ Kh8 37. Qf7 b6 38. Qxa7 Ng7 39. Rxb6 Kh7 40. Rb7 Qf8 41.
Rxg7+ Qxg7 42. Qxg7+ Kxg7 43. a5 1-0

[Event "AUTO-ELITE-1987"]
[Site "http://www.queenalice.com/game.php?id=1529218"]
[Date "2018.5.30"]
[Round "1"]
[White "philler"]
[Black "BEBADO"]
[Result "0-1"]
[WhiteElo "2150"]
[BlackElo "2228"]

1. e4 c5 2. Nf3 e6 3. d4 cxd4 4. Nxd4 Nf6 5. Nc3 d6 6. g4 Nc6 7. g5 Nd7 8. Be3
a6 9. Qd2 Be7 10. h4 O-O 11. O-O-O Nxd4 12. Qxd4 Qa5 13. f4 b5 14. Kb1 b4 15.
Nd5 exd5 16. exd5 Re8 17. Bd3 Bb7 18. Be4 Bf8 19. h5 Rac8 20. g6 Nf6 21. gxh7+
Kh8 22. Bf3 Rc5 23. h6 Bxd5 24. Bxd5 Rxd5 25. Qa7 Rxd1+ 26. Rxd1 Qh5 27. hxg7+
Bxg7 28. Kc1 Qf3 29. Bd2 Nxh7 30. Qxf7 Rf8 31. Qb3 Qxb3 32. axb3 a5 33. c3 bxc3
34. bxc3 Nf6 35. c4 a4 36. bxa4 Rc8 37. a5 Rxc4+ 38. Kb1 Nd5 39. f5 Ra4 40. Rc1
Ra1+ 41. Kc2 Ra2+ 42. Kd3 Rxd2+ 43. Kxd2 Bh6+ 44. Kc2 Bxc1 45. Kxc1 Kg7 46. Kc2
Kf6 47. Kd3 Kxf5 48. Kd4 Nc7 49. a6 Ke6 50. a7 Kd7 51. Kc4 Kc6 52. Kd3 Kb7 0-1

[Event "AUTO-ELITE-1987"]
[Site "http://www.queenalice.com/game.php?id=1529219"]
[Date "2018.5.30"]
[Round "1"]
[White "BEBADO"]
[Black "philler"]
[Result "1-0"]
[WhiteElo "2330"]
[BlackElo "2182"]

1. e4 c5 2. Nf3 e6 3. d4 cxd4 4. Nxd4 a6 5. Bd3 Qc7 6. O-O Bc5 7. Nb3 Bd6 8. f4
Bc5+ 9. Kh1 Ba7 10. Qg4 g6 11. Na3 d6 12. Nc4 b5 13. Ne3 Bb7 14. f5 d5 15. fxe6
f6 16. Nxd5 Bxd5 17. exd5 f5 18. Bxf5 Ne7 19. Be4 Qc4 20. Bg5 Rf8 21. Rxf8+ Kxf8
22. Qf3+ Ke8 23. Qf7+ 1-0

[Event "AUTO-ELITE-1987"]
[Site "http://www.queenalice.com/game.php?id=1529220"]
[Date "2018.5.30"]
[Round "1"]
[White "philler"]
[Black "Sexxy_Bunny"]
[Result "0-1"]
[WhiteElo "2183"]
[BlackElo "2710"]

1. e4 c5 2. Nf3 d6 3. d4 cxd4 4. Qxd4 Nc6 5. Bb5 Bd7 6. Bxc6 Bxc6 7. Nc3 Nf6 8.
Bg5 e6 9. Bxf6 Qxf6 10. Qxf6 gxf6 11. O-O-O Rg8 12. Rhg1 Rc8 13. Nd4 a6 14. Nxc6
bxc6 15. f4 h5 16. g3 Rb8 17. Ne2 d5 18. exd5 cxd5 19. Nd4 f5 20. Rge1 Be7 21.
Nc6 Rb5 22. Nxe7 Kxe7 23. a4 Ra5 24. b4 Rxa4 25. c3 Ra2 26. Rh1 Rc8 27. Kb1 Ra3
28. Kb2 Rcxc3 29. Rc1 Rcb3+ 30. Kc2 Rxb4 31. Ra1 Rab3 32. Rxa6 Rb2+ 33. Kc3
R4b3+ 34. Kd4 Rd2+ 35. Kc5 Rc2+ 36. Kd4 Rc4+ 0-1

[Event "AUTO-ELITE-1987"]
[Site "http://www.queenalice.com/game.php?id=1529221"]
[Date "2018.5.30"]
[Round "1"]
[White "Sexxy_Bunny"]
[Black "philler"]
[Result "1-0"]
[WhiteElo "2712"]
[BlackElo "2184"]

1. e4 c5 2. Nf3 d6 3. d4 cxd4 4. Nxd4 a6 5. Nc3 Nf6 6. Bg5 e6 7. f4 Be7 8. Qf3
Qc7 9. O-O-O b5 10. e5 dxe5 11. Ndxb5 Qb7 12. Qxb7 Bxb7 13. Nc7+ Kf8 14. Nxa8
Bxa8 15. fxe5 Nd5 16. Bd2 Bb7 17. Nxd5 Bxd5 18. c4 Be4 19. b4 Nc6 20. Re1 Bf5
21. c5 a5 22. b5 Nb4 23. Bxb4 axb4 24. c6 Bc5 25. Rd1 Ke7 26. Rd7+ Ke8 27. Be2
Bb6 28. Rhd1 Be4 29. c7 1-0